Discourse Elements in the Missing Manual; Procedia - Social and Behavioral Sciences; Vol. 200 : Language and culture

Bibliografiske detaljer
Parent link:Procedia - Social and Behavioral Sciences
Vol. 200 : Language and culture.— 2015.— [P. 595-600]
Hovedforfatter: Ulyanova U. A. Ulyana Aleksandrovna
Andre forfattere: Petrochenko L. A. Lyudmila Anatoljevna
Summary:Title screen
The article is devoted to the research of discourse elements that contribute significantly to discourse coherence of the Missing Manual (a new genre variety of exploitation instruction). The results of the analysis show that the taxonomy of discourse elements in the Missing Manual is based on the functions that discourse elements perform. The authors suggest classifying the discourse elements in the Missing Manual into two groups: discourse markers and pragmatic markers. The specific attention is paid to the types of pragmatic markers, which are not characteristic of instructing texts, but common for the Missing Manual. The analysis of oral discourse pragmatic markers and context dependent discourse markers is presented.
Режим доступа: по договору с организацией-держателем ресурса
Sprog:engelsk
Udgivet: 2015
Fag:
Online adgang:http://dx.doi.org/10.1016/j.sbspro.2015.08.043
Format: MixedMaterials Electronisk Book Chapter
KOHA link:https://koha.lib.tpu.ru/cgi-bin/koha/opac-detail.pl?biblionumber=650547

MARC

LEADER 00000naa0a2200000 4500
001 650547
005 20250903164538.0
035 |a (RuTPU)RU\TPU\network\15765 
090 |a 650547 
100 |a 20161010d2015 k||y0engy50 ba 
101 0 |a eng 
102 |a NL 
135 |a drgn ---uucaa 
181 0 |a i  
182 0 |a b 
200 1 |a Discourse Elements in the Missing Manual  |f U. A. Ulyanova, L. A. Petrochenko 
203 |a Text  |c electronic 
300 |a Title screen 
320 |a [References: 23 tit.] 
330 |a The article is devoted to the research of discourse elements that contribute significantly to discourse coherence of the Missing Manual (a new genre variety of exploitation instruction). The results of the analysis show that the taxonomy of discourse elements in the Missing Manual is based on the functions that discourse elements perform. The authors suggest classifying the discourse elements in the Missing Manual into two groups: discourse markers and pragmatic markers. The specific attention is paid to the types of pragmatic markers, which are not characteristic of instructing texts, but common for the Missing Manual. The analysis of oral discourse pragmatic markers and context dependent discourse markers is presented. 
333 |a Режим доступа: по договору с организацией-держателем ресурса 
461 0 |0 (RuTPU)RU\TPU\network\2898  |t Procedia - Social and Behavioral Sciences 
463 |t Vol. 200 : Language and culture  |o The XXVI Annual International Academic Conference, 27–30 October 2015  |o [proceedings]  |v [P. 595-600]  |d 2015 
610 1 |a электронный ресурс 
610 1 |a труды учёных ТПУ 
610 1 |a дискурс 
700 1 |a Ulyanova  |b U. A.  |c Linguist  |c Senior Lecturer of Tomsk Polytechnic University  |f 1983-  |g Ulyana Aleksandrovna  |3 (RuTPU)RU\TPU\pers\33793 
701 1 |a Petrochenko  |b L. A.  |g Lyudmila Anatoljevna 
801 2 |a RU  |b 63413507  |c 20161010  |g RCR 
856 4 |u http://dx.doi.org/10.1016/j.sbspro.2015.08.043 
942 |c CF